[Event "Skopje op"]
[Site "Skopje"]
[Date "2022.10.23"]
[Round "4"]
[White "Kodric, Gasper"]
[Black "Atanasovski, Blazhe"]
[Result "1-0"]
[WhiteElo "2024"]
[BlackElo "1752"]
[PlyCount "96"]
[EventDate "2022.10.21"]
[EventType "swiss"]
[EventRounds "9"]
[EventCountry "MKD"]
[SourceTitle "EXT 2024"]
[Source "ChessBase"]
[SourceDate "2023.10.10"]
[SourceVersion "1"]
[SourceVersionDate "2023.10.10"]
[SourceQuality "1"]

1. c4 c5 2. Nf3 Nc6 3. Nc3 Nf6 4. g3 b6 5. Bg2 Bb7 6. 0-0 e6 7. d4 cxd4 8. Nxd4 Na5 9. b3 Bxg2 10. Kxg2 Be7 11. e3 0-0 12. Bb2 d5 13. cxd5 Nxd5 14. Qf3 Nxc3 15. Bxc3 Bf6 16. Rfd1 Qc8 17. Rac1 Qb7 18. Bxa5 Qxf3+ 19. Nxf3 bxa5 20. Rc7 Bd8 21. Rb7 Bb6 22. Rdd7 Rab8 23. Ne5 Rxb7 24. Rxb7 Rc8 25. Nc6 Ra8 26. Kf3 g6 27. Ke4 Kg7 28. a4 Kf6 29. Nb8 Bd8 30. Nd7+ Kg5 31. h4+ Kh6 32. Nb8 f6 33. Kd3 g5 34. hxg5+ Kxg5 35. Nc6 h5 36. Rxa7 Rc8 37. Nxa5 f5 38. Nc4 Bf6 39. a5 e5 40. a6 f4 41. exf4+ exf4 42. gxf4+ Kxf4 43. Rf7 Kg5 44. a7 Rd8+ 45. Ke4 Kg6 46. Rxf6+ Kxf6 47. Nb6 Kg5 48. Kf3 Rf8+ 1-0

[Event "EU-ch 22nd"]
[Site "Terme Catez"]
[Date "2022.03.30"]
[Round "4"]
[White "Lavrencic, Matic"]
[Black "Kodric, Gasper"]
[Result "1-0"]
[WhiteElo "2159"]
[BlackElo "1787"]
[PlyCount "111"]
[EventDate "2022.03.27"]
[EventType "swiss"]
[EventRounds "11"]
[EventCountry "SLO"]
[SourceTitle "CBM 208"]
[Source "ChessBase"]
[SourceDate "2022.06.30"]
[SourceVersion "1"]
[SourceVersionDate "2022.06.30"]
[SourceQuality "1"]

1. e4 c6 2. d4 d5 3. e5 c5 4. Nf3 cxd4 5. Nxd4 Nc6 6. Nxc6 bxc6 7. Bd3 e6 8. Nd2 Qb6 9. Qe2 a5 10. 0-0 Ba6 11. c4 Ne7 12. b3 g6 13. Nf3 Nf5 14. Bg5 Bg7 15. Rad1 h6 16. Bc1 0-0 17. Ba3 Rfe8 18. Qc2 Rad8 19. Bd6 c5 20. Bxf5 gxf5 21. Rfe1 d4 22. Qd2 Rxd6 23. exd6 Qxd6 24. Qxa5 Bb7 25. Qd2 e5 26. b4 cxb4 27. Nxd4 Qg6 28. f3 Ra8 29. Nb5 Bxf3 30. Rc1 Bf6 31. Qf2 Bb7 32. Re2 Bg5 33. Rd1 e4 34. Rd6 Qh5 35. Nd4 f4 36. Nf5 e3 37. Qe1 Be4 38. Nd4 Bd3 39. Nf3 Be4 40. Qf1 Kh7 41. Rd4 Bb7 42. h4 Rh8 43. hxg5 hxg5 44. Nxg5+ Kg7 45. Nh3 f3 46. Rxe3 Qc5 47. Rg4+ Kf8 48. Qf2 Qh5 49. Rg5 Qh7 50. Rxf3 Bxf3 51. Qc5+ Ke8 52. Re5+ Kd8 53. Qe7+ Kc8 54. Rc5+ Kb8 55. Qc7+ Ka8 56. Ra5# 1-0

[Event "EU-ch 22nd"]
[Site "Terme Catez"]
[Date "2022.03.28"]
[Round "2"]
[White "Gajcin, Marina"]
[Black "Kodric, Gasper"]
[Result "1/2-1/2"]
[WhiteElo "2254"]
[BlackElo "1787"]
[PlyCount "208"]
[EventDate "2022.03.27"]
[EventType "swiss"]
[EventRounds "11"]
[EventCountry "SLO"]
[SourceTitle "CBM 208"]
[Source "ChessBase"]
[SourceDate "2022.06.30"]
[SourceVersion "1"]
[SourceVersionDate "2022.06.30"]
[SourceQuality "1"]

1. e4 c6 2. d4 d5 3. Nc3 dxe4 4. Nxe4 Nf6 5. Nxf6+ exf6 6. c3 Bd6 7. Bd3 0-0 8. Ne2 Re8 9. Qc2 h5 10. Be3 Be6 11. 0-0 Qc7 12. h3 Nd7 13. c4 Nf8 14. Rfe1 Rad8 15. a3 Qc8 16. Ng3 g6 17. Ne4 Be7 18. Nc3 f5 19. d5 cxd5 20. cxd5 Bxd5 21. Nxd5 Rxd5 22. Qb3 Re5 23. Rec1 Qd7 24. Bf4 Rc5 25. Rd1 Qc8 26. Be3 Rc7 27. Bb5 Rd8 28. Bxa7 Bc5 29. Rxd8 Qxd8 30. Bxc5 Rxc5 31. Bf1 Qc7 32. Rd1 Ne6 33. Qa4 Rc2 34. Qe8+ Nf8 35. b4 Qb6 36. Qe1 Qc7 37. a4 Ne6 38. a5 f4 39. Bd3 Rc6 40. Be4 Ra6 41. Rc1 Qd7 42. Qc3 Ra8 43. Qc4 Rd8 44. b5 f3 45. Bxf3 Nd4 46. b6 Nxf3+ 47. gxf3 Qxh3 48. Qe4 Qd7 49. Rc7 Qb5 50. Qf4 f6 51. Kh2 Rd1 52. Rc8+ Kg7 53. Rc7+ Kg8 54. Qc4+ Qxc4 55. Rxc4 Ra1 56. Rc7 Rxa5 57. Rxb7 Rb5 58. f4 g5 59. f5 Rb3 60. Kg2 Kf8 61. f3 Rb2+ 62. Kg3 Rb3 63. Kf2 Kg8 64. Kg2 Rb2+ 65. Kg3 Rb3 66. Rb8+ Kg7 67. Kf2 Rb2+ 68. Ke3 h4 69. Rb7+ Kg8 70. Rb8+ Kg7 71. Rb7+ Kh6 72. Rb8 h3 73. Rh8+ Kg7 74. Rxh3 Rxb6 75. Rh1 Rb5 76. Kf2 Rxf5 77. Kg3 Kg6 78. Rh8 Ra5 79. Rg8+ Kf5 80. Rb8 Rc5 81. Ra8 Rc3 82. Ra5+ Kg6 83. Ra6 Re3 84. Rb6 Kf5 85. Rb5+ Re5 86. Rb4 Re6 87. Rb5+ Kg6 88. Rb8 f5 89. Rg8+ Kh5 90. Rh8+ Rh6 91. Rg8 f4+ 92. Kh3 Rh7 93. Kg2 Ra7 94. Rh8+ Kg6 95. Rg8+ Kf6 96. Rf8+ Ke5 97. Re8+ Kf6 98. Rf8+ Rf7 99. Ra8 Rd7 100. Rf8+ Ke5 101. Re8+ Kd4 102. Kh3 Kd3 103. Kg4 Rd5 104. Ra8 Kd2 1/2-1/2